[Event "BL2 Sued 2122 (Women)"]
[Site "Germany"]
[Date "2022.04.10"]
[Round "7.4"]
[White "Dirmeier, Carolin"]
[Black "Erben, Larissa"]
[Result "1/2-1/2"]
[WhiteElo "1959"]
[BlackElo "1960"]
[PlyCount "34"]
[EventDate "2021.11.27"]
[EventType "team-tourn"]
[EventRounds "7"]
[EventCountry "GER"]
[SourceTitle "EXT 2023"]
[Source "ChessBase"]
[SourceDate "2022.10.05"]
[SourceVersion "1"]
[SourceVersionDate "2022.10.05"]
[SourceQuality "1"]
[WhiteTeam "Bayern Muenchen (W)"]
[BlackTeam "Stuttgart Wolfbusch (W)"]
[WhiteTeamCountry "GER"]
[BlackTeamCountry "GER"]

1. e4 c5 2. Nf3 e6 3. d4 cxd4 4. Nxd4 Nc6 5. Nc3 a6 6. Be3 Nf6 7. Qd2 Bb4 8. f3 d5 9. 0-0-0 dxe4 10. Nxc6 Qxd2+ 11. Bxd2 bxc6 12. Nxe4 Nxe4 13. fxe4 Bxd2+ 14. Kxd2 Ke7 15. Ke3 Bb7 16. Bc4 Rhd8 17. g3 c5 1/2-1/2

[Event "BL2 Sued 1415 (Women)"]
[Site "Germany"]
[Date "2014.09.27"]
[Round "1.2"]
[White "Hapala, Elisabeth"]
[Black "Erben, Larissa"]
[Result "1-0"]
[WhiteElo "2068"]
[BlackElo "2015"]
[PlyCount "119"]
[EventDate "2014.09.27"]
[EventType "team-tourn"]
[EventRounds "7"]
[EventCountry "GER"]
[SourceTitle "CBM 166 Extra"]
[Source "ChessBase"]
[SourceDate "2015.06.18"]
[SourceVersion "1"]
[SourceVersionDate "2015.06.18"]
[SourceQuality "1"]
[WhiteTeam "Augsburg (W)"]
[BlackTeam "Stuttgart Wolfbusch (W)"]
[WhiteTeamCountry "GER"]
[BlackTeamCountry "GER"]

1. e4 c5 2. Nf3 e6 3. d4 cxd4 4. Nxd4 Nc6 5. Nc3 Qc7 6. f4 Bb4 7. Nxc6 bxc6 8. Qd4 Bxc3+ 9. Qxc3 Nf6 10. Bd3 0-0 11. 0-0 d5 12. e5 Qb6+ 13. Kh1 Ng4 14. Qe1 Ba6 15. Bxa6 Qxa6 16. h3 Nh6 17. Be3 Rfc8 18. Bc5 Qb5 19. b4 a5 20. a4 Qc4 21. c3 Nf5 22. Kh2 Qb3 23. Rf3 h5 24. bxa5 Qc4 25. Bb6 c5 26. Qf1 Nh4 27. Re3 Qb3 28. Qb1 Qc4 29. Qf1 Qb3 30. Qb5 Qc2 31. Qe2 Qf5 32. Rf1 Qg6 33. Rg3 Qh7 34. Rg5 g6 35. a6 Nf5 36. a7 h4 37. Qb5 Ng3 38. Rxg3 hxg3+ 39. Kxg3 c4 40. Bd4 Qh6 41. a5 Qf8 42. Rb1 Qe8 43. Qxe8+ Rxe8 44. Rb7 Kg7 45. Kg4 Rh8 46. Bc5 Rhc8 47. Bb6 Rh8 48. Kf3 Rhf8 49. Ke3 Kh6 50. Bc5 Rfc8 51. Bd6 Kg7 52. Rb8 Rxa7 53. Rxc8 Rxa5 54. Be7 g5 55. Bf6+ Kh7 56. Rh8+ Kg6 57. Rg8+ Kh6 58. fxg5+ Kh7 59. Rg7+ Kh8 60. Rg6+ 1-0

[Event "BL2 Sued 1213 (Women)"]
[Site "Germany"]
[Date "2013.03.09"]
[Round "6.3"]
[White "Frey, Alisa"]
[Black "Erben, Larissa"]
[Result "1-0"]
[WhiteElo "2005"]
[BlackElo "2046"]
[PlyCount "47"]
[EventDate "2012.10.06"]
[EventType "team-tourn"]
[EventRounds "7"]
[EventCountry "GER"]
[SourceTitle "EXT 2018"]
[Source "ChessBase"]
[SourceDate "2017.10.13"]
[SourceVersion "1"]
[SourceVersionDate "2017.10.13"]
[SourceQuality "1"]
[WhiteTeam "Schott Mainz (W)"]
[BlackTeam "Stuttgart Wolfbusch (W)"]
[WhiteTeamCountry "GER"]
[BlackTeamCountry "GER"]

1. e4 c5 2. Nf3 e6 3. d4 cxd4 4. Nxd4 Nc6 5. Nc3 Qc7 6. Be3 a6 7. Qd2 Nf6 8. 0-0-0 Bb4 9. f3 Ne5 10. Nb3 b5 11. Qe1 Be7 12. Kb1 0-0 13. Qf2 d5 14. exd5 b4 15. Bb6 Qb8 16. Ne4 Nxd5 17. Bd4 f5 18. Qg3 Ng6 19. Qxb8 Rxb8 20. Nec5 a5 21. Nxa5 Bxc5 22. Bxc5 Rd8 23. Bc4 Bb7 24. Ba7 1-0

[Event "Split op 2nd"]
[Site "Split"]
[Date "2012.08.18"]
[Round "8"]
[White "Armanda, Ivica"]
[Black "Erben, Larissa"]
[Result "1-0"]
[WhiteElo "2398"]
[BlackElo "2057"]
[PlyCount "71"]
[EventDate "2012.08.11"]
[EventType "swiss"]
[EventRounds "9"]
[EventCountry "CRO"]
[SourceTitle "CBM 149 Extra"]
[Source "ChessBase"]
[SourceDate "2012.08.24"]
[SourceVersion "1"]
[SourceVersionDate "2012.08.24"]
[SourceQuality "1"]

1. e4 c5 2. Nf3 e6 3. d4 cxd4 4. Nxd4 Nc6 5. Nc3 Qc7 6. Be2 a6 7. Be3 Nf6 8. a3 Be7 9. g4 d6 10. g5 Nd7 11. f4 b5 12. Nxc6 Qxc6 13. Bf3 Bb7 14. 0-0 h6 15. g6 fxg6 16. f5 gxf5 17. exf5 d5 18. fxe6 Qxe6 19. Nxd5 Bxd5 20. Qxd5 Qxd5 21. Bxd5 0-0-0 22. Rf7 Rhe8 23. Rd1 Bf6 24. Bf4 Ne5 25. Bb7+ Kb8 26. Rxd8+ Rxd8 27. Bxa6 Rd1+ 28. Kg2 Rb1 29. Rb7+ Ka8 30. Rxb5 Nd7 31. Bc8 Ne5 32. Bxe5 Bxe5 33. Rxe5 Rxb2 34. Bf5 Ra2 35. Re8+ Kb7 36. Re7+ 1-0

[Event "BL 1112 (Women)"]
[Site "Germany"]
[Date "2012.04.22"]
[Round "11.3"]
[White "Erben, Larissa"]
[Black "Vogel, Heike"]
[Result "0-1"]
[WhiteElo "2035"]
[BlackElo "2133"]
[PlyCount "54"]
[EventDate "2011.10.29"]
[EventType "team-tourn"]
[EventRounds "11"]
[EventCountry "GER"]
[SourceTitle "EXT 2013"]
[Source "ChessBase"]
[SourceDate "2012.11.22"]
[SourceVersion "1"]
[SourceVersionDate "2012.11.22"]
[SourceQuality "1"]
[WhiteTeam "Stuttgart Wolfbusch (W)"]
[BlackTeam "Muelheim Nord (W)"]
[WhiteTeamCountry "GER"]
[BlackTeamCountry "GER"]

1. e4 c5 2. Nf3 Nc6 3. d4 cxd4 4. Nxd4 Nf6 5. Nc3 e5 6. Ndb5 d6 7. Bg5 a6 8. Bxf6 gxf6 9. Na3 b5 10. Nd5 f5 11. g3 Bg7 12. exf5 Bxf5 13. Bg2 Rc8 14. c3 0-0 15. Nc2 Bxc2 16. Qxc2 f5 17. Bh3 e4 18. Qb3 Kh8 19. Nf4 Ne5 20. 0-0-0 Qa5 21. Kb1 Nc4 22. Ne6 Nxb2 23. Nxg7 Nxd1 24. Qxd1 Qxc3 25. Nxf5 Rc4 26. a3 Qxa3 27. Qxd6 Qb3+ 0-1

[Event "BL 1112 (Women)"]
[Site "Germany"]
[Date "2012.01.22"]
[Round "7.5"]
[White "Kiefhaber, Veronika"]
[Black "Erben, Larissa"]
[Result "1-0"]
[WhiteElo "2217"]
[BlackElo "2035"]
[PlyCount "95"]
[EventDate "2011.10.29"]
[EventType "team-tourn"]
[EventRounds "11"]
[EventCountry "GER"]
[SourceTitle "EXT 2013"]
[Source "ChessBase"]
[SourceDate "2012.11.22"]
[SourceVersion "1"]
[SourceVersionDate "2012.11.22"]
[SourceQuality "1"]
[WhiteTeam "Karlsruhe (W)"]
[BlackTeam "Stuttgart Wolfbusch (W)"]
[WhiteTeamCountry "GER"]
[BlackTeamCountry "GER"]

1. e4 c5 2. c3 Nf6 3. e5 Nd5 4. Nf3 b6 5. Bc4 Bb7 6. 0-0 e6 7. d4 cxd4 8. Nxd4 Qc7 9. Qe2 Nc6 10. Nb5 Qxe5 11. Qxe5 Nxe5 12. Bxd5 Bxd5 13. Nc7+ Kd8 14. Nxa8 Bxa8 15. Rd1 Bc5 16. Bf4 Ng4 17. Bg3 h5 18. b4 Be7 19. h3 Nh6 20. a4 Nf5 21. Bb8 a6 22. Na3 d5 23. b5 a5 24. Bf4 g5 25. Bh2 g4 26. hxg4 hxg4 27. Nc2 Bc5 28. Be5 Rh7 29. Bd4 Nxd4 30. cxd4 Bd6 31. g3 e5 32. Kg2 exd4 33. Nxd4 Be5 34. Rd2 f5 35. Rh1 Rf7 36. Rh5 Kd7 37. Rxf5 Rxf5 38. Nxf5 Ke6 39. Nd4+ Kd6 40. f4 Bf6 41. Kf2 Bb7 42. Ke3 Bc8 43. Rh2 Bd7 44. Rh6 Ke7 45. Nc6+ Ke6 46. Ne5 Kf5 47. Nxd7 Bd4+ 48. Kd3 1-0

[Event "BL2 Sued 1011 (Women)"]
[Site "Germany"]
[Date "2011.01.09"]
[Round "5.2"]
[White "Manakova, Maria"]
[Black "Erben, Larissa"]
[Result "1/2-1/2"]
[WhiteElo "2316"]
[BlackElo "2092"]
[PlyCount "102"]
[EventDate "2010.11.06"]
[EventType "team-tourn"]
[EventRounds "7"]
[EventCountry "GER"]
[SourceTitle "EXT 2012"]
[Source "ChessBase"]
[SourceDate "2011.11.24"]
[SourceVersion "1"]
[SourceVersionDate "2011.11.24"]
[SourceQuality "1"]
[WhiteTeam "Deizisau (W)"]
[BlackTeam "Stuttgart Wolfbusch (W)"]
[WhiteTeamCountry "GER"]
[BlackTeamCountry "GER"]

1. d4 d5 2. Bf4 Nf6 3. e3 c5 4. c3 Qb6 5. Qb3 c4 6. Qc2 Nc6 7. Nd2 g6 8. e4 Nxe4 9. Nxe4 dxe4 10. Bxc4 Bf5 11. Qb3 Qxb3 12. axb3 Bg7 13. Be3 0-0 14. Ne2 a6 15. Ng3 e6 16. 0-0 Rfd8 17. Rfe1 b5 18. Bf1 e5 19. dxe5 Nxe5 20. Bb6 Rd2 21. Nxe4 Rxb2 22. Bd4 Ng4 23. Bxb5 Bxd4 24. cxd4 Rxb3 25. Bc6 Rd8 26. Nc5 Rc3 27. Red1 Bc2 28. Nb7 Rb8 29. d5 Bxd1 30. Rxd1 Ne5 31. Na5 Rc5 32. f4 Nxc6 33. Nxc6 Ra8 34. f5 f6 35. Rb1 Kg7 36. Ne7 Re8 37. Rb7 Kh6 38. d6 Rd8 39. Rc7 Re5 40. Nc6 Rxd6 41. Nxe5 fxe5 42. Re7 gxf5 43. Rxe5 Kg5 44. Ra5 Kf4 45. Kf2 Ke4 46. Ra4+ Kd3 47. Kf3 Kc3 48. Ra1 Kb4 49. Rb1+ Kc3 50. Ra1 Kb4 51. Rb1+ Kc5 1/2-1/2

[Event "GER-chT U20 Girls"]
[Site "Magdeburg"]
[Date "2010.12.27"]
[Round "1.1"]
[White "Schulz, Anja2222"]
[Black "Erben, Larissa"]
[Result "1-0"]
[WhiteElo "2028"]
[BlackElo "2065"]
[PlyCount "71"]
[EventDate "2010.12.27"]
[EventType "team-swiss"]
[EventRounds "7"]
[EventCountry "GER"]
[SourceTitle "CBM 140 Extra"]
[Source "ChessBase"]
[SourceDate "2011.03.01"]
[SourceVersion "1"]
[SourceVersionDate "2011.03.01"]
[SourceQuality "1"]
[WhiteTeam "Magdeburg USC"]
[BlackTeam "Stuttgart Wolfbusch"]
[WhiteTeamCountry "GER"]
[BlackTeamCountry "GER"]

1. e4 c5 2. Nf3 e6 3. d4 cxd4 4. Nxd4 Nc6 5. Nc3 Qc7 6. Be2 a6 7. Be3 Nf6 8. a3 b5 9. f4 b4 10. axb4 Bxb4 11. 0-0 Bxc3 12. bxc3 Nxe4 13. Bf3 Nd6 14. Qd3 Bb7 15. Nb3 Nf5 16. Bf2 d6 17. g4 Nfe7 18. Nd2 0-0 19. Ne4 d5 20. Nc5 Ng6 21. Bg3 Nce5 22. Qd4 Rac8 23. Nxa6 Nxf3+ 24. Rxf3 Qc4 25. Nb4 Rfe8 26. Ra7 Ba8 27. f5 Qxd4+ 28. cxd4 exf5 29. gxf5 Nf8 30. Be5 Rc4 31. c3 Rec8 32. Rg3 g6 33. fxg6 hxg6 34. Rf3 Rxc3 35. Rxc3 Rxc3 36. Rxa8 1-0

[Event "GER-chT DLM U20"]
[Site "Stuttgart"]
[Date "2010.11.19"]
[Round "4.4"]
[White "Schroeder, Jan Christian"]
[Black "Erben, Larissa"]
[Result "1-0"]
[WhiteElo "2140"]
[BlackElo "2065"]
[PlyCount "73"]
[EventDate "2010.11.17"]
[EventType "team-tourn"]
[EventRounds "7"]
[EventCountry "GER"]
[SourceTitle "EXT 2022"]
[Source "ChessBase"]
[SourceDate "2021.10.06"]
[SourceVersion "1"]
[SourceVersionDate "2021.10.06"]
[SourceQuality "1"]
[WhiteTeam "Hessen U20"]
[BlackTeam "Wuerttemberg U20"]
[WhiteTeamCountry "GER"]
[BlackTeamCountry "GER"]

1. e4 c5 2. Nf3 e6 3. d4 cxd4 4. Nxd4 Nc6 5. Nc3 Qc7 6. Nb3 a6 7. Bd3 Nf6 8. 0-0 b5 9. f4 d6 10. Qf3 Bb7 11. Qg3 Be7 12. Bd2 0-0 13. Rae1 b4 14. Ne2 e5 15. fxe5 dxe5 16. Kh1 Rad8 17. Bh6 Ne8 18. Be3 Rd6 19. Nc5 Rg6 20. Qf2 Bc8 21. Nxa6 Bxa6 22. Bxa6 Qa5 23. Bc4 Nf6 24. Bb6 Qa4 25. Ng3 Ng4 26. Bxf7+ Kh8 27. Qe2 Nxh2 28. Kxh2 Rh6+ 29. Kg1 Nd4 30. Bxd4 exd4 31. Bc4 Qa7 32. Rxf8+ Bxf8 33. Bd3 Qc7 34. e5 Bc5 35. Qf3 Qd8 36. e6 Qh4 37. Qa8+ 1-0

[Event "GER-chT DLM U20"]
[Site "Stuttgart"]
[Date "2010.11.18"]
[Round "3.4"]
[White "Erben, Larissa"]
[Black "Takeuchi, Eiki"]
[Result "1-0"]
[WhiteElo "2065"]
[BlackElo "1973"]
[PlyCount "69"]
[EventDate "2010.11.17"]
[EventType "team-tourn"]
[EventRounds "7"]
[EventCountry "GER"]
[SourceTitle "EXT 2022"]
[Source "ChessBase"]
[SourceDate "2021.10.06"]
[SourceVersion "1"]
[SourceVersionDate "2021.10.06"]
[SourceQuality "1"]
[WhiteTeam "Wuerttemberg U20"]
[BlackTeam "Nordrhein Westfalen U20"]
[WhiteTeamCountry "GER"]
[BlackTeamCountry "GER"]

1. e4 c5 2. Nf3 d6 3. d4 cxd4 4. Nxd4 Nf6 5. Nc3 a6 6. Be2 e5 7. Nb3 Be7 8. 0-0 0-0 9. Kh1 b6 10. f4 Bb7 11. Bf3 Nbd7 12. Be3 b5 13. a3 Rc8 14. Qe1 Re8 15. Rd1 Rc4 16. Nd2 Rc8 17. Qg3 Qa5 18. Nb3 Qc7 19. Rd2 Qc4 20. Rdf2 Qc7 21. Rd1 Qb8 22. fxe5 Nxe5 23. Nd4 Bf8 24. Nf5 Rxc3 25. bxc3 Nxe4 26. Bxe4 Bxe4 27. Nh6+ Kh8 28. Nxf7+ Nxf7 29. Rxf7 Bxc2 30. Rdf1 Bg6 31. Ra7 Qc8 32. Bd4 Qc4 33. Qf4 Kg8 34. Qxf8+ Rxf8 35. Rxg7+ 1-0

[Event "GER-chT DLM U20"]
[Site "Stuttgart"]
[Date "2010.11.17"]
[Round "1.4"]
[White "Erben, Larissa"]
[Black "Groetzbach, Julian"]
[Result "0-1"]
[WhiteElo "2065"]
[BlackElo "1870"]
[PlyCount "56"]
[EventDate "2010.11.17"]
[EventType "team-tourn"]
[EventRounds "7"]
[EventCountry "GER"]
[SourceTitle "EXT 2022"]
[Source "ChessBase"]
[SourceDate "2021.10.06"]
[SourceVersion "1"]
[SourceVersionDate "2021.10.06"]
[SourceQuality "1"]
[WhiteTeam "Wuerttemberg U20"]
[BlackTeam "Hamburg U20"]
[WhiteTeamCountry "GER"]
[BlackTeamCountry "GER"]

1. e4 c5 2. Nf3 d6 3. d4 cxd4 4. Nxd4 Nf6 5. Nc3 a6 6. Be2 e5 7. Nb3 Be6 8. 0-0 Be7 9. Kh1 Qc7 10. f4 Nbd7 11. Qe1 h5 12. f5 Bc4 13. Bg5 b5 14. a3 Rc8 15. Rd1 Bxe2 16. Qxe2 h4 17. Rf3 Rh5 18. Qd2 Qb7 19. Re1 Nb6 20. Na5 Qc7 21. Rd1 Nbd7 22. Nb3 Nb6 23. Rh3 Nc4 24. Qc1 Ng4 25. Nd5 Nf2+ 26. Kg1 Nxh3+ 27. gxh3 Rxg5+ 28. Qxg5 Qa7+ 0-1

[Event "Stuttgart-chA int"]
[Site "Ditzingen"]
[Date "2010.05.15"]
[Round "5"]
[White "Stanescu, Christian"]
[Black "Erben, Larissa"]
[Result "1-0"]
[WhiteElo "2140"]
[BlackElo "2042"]
[PlyCount "65"]
[EventDate "2010.05.13"]
[EventType "swiss"]
[EventRounds "7"]
[EventCountry "GER"]
[SourceTitle "EXT 2018"]
[Source "ChessBase"]
[SourceDate "2017.10.13"]
[SourceVersion "1"]
[SourceVersionDate "2017.10.13"]
[SourceQuality "1"]

1. c4 e6 2. Nc3 d5 3. e4 d4 4. Nce2 Nc6 5. d3 e5 6. a3 a5 7. b3 Bg4 8. f3 Be6 9. f4 f5 10. exf5 Bxf5 11. Ng3 Qf6 12. Nxf5 Qxf5 13. g3 Bd6 14. Bh3 Qf6 15. Nf3 exf4 16. 0-0 Nge7 17. Nh4 0-0 18. Bxf4 Bxf4 19. Rxf4 Qh6 20. Re4 Rf6 21. Qe2 Raf8 22. Rxe7 Nxe7 23. Qxe7 Qd2 24. Be6+ Kh8 25. Nf5 Qg5 26. Rf1 h6 27. Rf4 Qg6 28. Kg2 Re8 29. Nh4 Qh5 30. Rxf6 Qe2+ 31. Rf2 Qxe6 32. Rf8+ Rxf8 33. Qxe6 1-0

[Event "Stuttgart-chA int"]
[Site "Ditzingen"]
[Date "2010.05.13"]
[Round "2"]
[White "Erben, Larissa"]
[Black "Rudhart, Michael"]
[Result "1-0"]
[WhiteElo "2042"]
[BlackElo "1926"]
[PlyCount "43"]
[EventDate "2010.05.13"]
[EventType "swiss"]
[EventRounds "7"]
[EventCountry "GER"]
[SourceTitle "EXT 2018"]
[Source "ChessBase"]
[SourceDate "2017.10.13"]
[SourceVersion "1"]
[SourceVersionDate "2017.10.13"]
[SourceQuality "1"]

1. e4 c5 2. Nf3 e6 3. d4 cxd4 4. Nxd4 Bc5 5. Nb3 Bb6 6. Nc3 a6 7. Bf4 Ne7 8. Bd6 0-0 9. Bd3 Bc7 10. e5 f6 11. Qh5 g6 12. Qh4 Bxd6 13. exd6 Nec6 14. 0-0-0 Kg7 15. f4 f5 16. Qf2 b5 17. Rhe1 b4 18. Na4 a5 19. Nbc5 Na6 20. Bxa6 Bxa6 21. Nb6 Ra7 22. Nbxd7 1-0

[Event "BL 0910 (Women)"]
[Site "Germany"]
[Date "2010.03.28"]
[Round "11.3"]
[White "Kunze, Kerstin"]
[Black "Erben, Larissa"]
[Result "0-1"]
[WhiteElo "2147"]
[BlackElo "2023"]
[PlyCount "78"]
[EventDate "2009.11.07"]
[EventType "team-tourn"]
[EventRounds "11"]
[EventCountry "GER"]
[SourceTitle "CBM 133 Extra"]
[Source "ChessBase"]
[SourceDate "2010.01.05"]
[SourceVersion "1"]
[SourceVersionDate "2010.01.05"]
[SourceQuality "1"]
[WhiteTeam "Torgelow (W)"]
[BlackTeam "Wolfbusch (W)"]
[WhiteTeamCountry "GER"]
[BlackTeamCountry "GER"]

1. e4 c5 2. Nf3 e6 3. c3 Nf6 4. e5 Nd5 5. Bc4 Ne7 6. d4 cxd4 7. cxd4 Qc7 8. Bd3 Ng6 9. 0-0 d6 10. Nc3 Nc6 11. Bg5 Bd7 12. Rc1 dxe5 13. Nb5 Qb6 14. dxe5 a6 15. Bxg6 Qxb5 16. Bxf7+ Kxf7 17. Qxd7+ Ne7 18. Rfd1 h6 19. Be3 b6 20. Rd6 Qxd7 21. Rxd7 Ke8 22. Rb7 b5 23. Nd4 Kf7 24. Rcc7 Rd8 25. g3 Kg6 26. Nxe6 Rd1+ 27. Kg2 Nd5 28. Nf4+ Nxf4+ 29. gxf4 Kf5 30. Kf3 g5 31. Rf7+ Kg6 32. Rf6+ Kh5 33. Rb8 Bg7 34. Rxh8 Bxh8 35. Rf8 Bg7 36. Rg8 Rd7 37. e6 Rb7 38. f5 Bxb2 39. Bc5 Bf6 0-1

[Event "BL 0910 (Women)"]
[Site "Germany"]
[Date "2010.02.21"]
[Round "7.3"]
[White "Schoene, Maria"]
[Black "Erben, Larissa"]
[Result "1-0"]
[WhiteElo "2265"]
[BlackElo "2023"]
[PlyCount "63"]
[EventDate "2009.11.07"]
[EventType "team-tourn"]
[EventRounds "11"]
[EventCountry "GER"]
[SourceTitle "CBM 133 Extra"]
[Source "ChessBase"]
[SourceDate "2010.01.05"]
[SourceVersion "1"]
[SourceVersionDate "2010.01.05"]
[SourceQuality "1"]
[WhiteTeam "Bad Koenigshofen (W)"]
[BlackTeam "Wolfbusch (W)"]
[WhiteTeamCountry "GER"]
[BlackTeamCountry "GER"]

1. e4 c5 2. Nf3 e6 3. d4 cxd4 4. Nxd4 Nc6 5. Nc3 Qc7 6. Be2 a6 7. Be3 Nf6 8. a3 Be7 9. f4 d6 10. Qd2 0-0 11. 0-0-0 Na5 12. Kb1 b5 13. g4 Bb7 14. Bf3 d5 15. e5 Ne4 16. Nxe4 dxe4 17. Bg2 Rfd8 18. Qe2 Bc5 19. Bf2 e3 20. Bxe3 Bxg2 21. Qxg2 Nc4 22. Bc1 Rac8 23. Qe4 Bb6 24. Nf3 a5 25. Rxd8+ Rxd8 26. b3 Nxa3+ 27. Bxa3 a4 28. Bd6 Qc3 29. Qd3 Qc6 30. b4 f6 31. Rd1 Bc7 32. Nd4 1-0

[Event "BL 0910 (Women)"]
[Site "Germany"]
[Date "2010.02.20"]
[Round "6.3"]
[White "Erben, Larissa"]
[Black "Steinbacher, Claudia"]
[Result "1/2-1/2"]
[WhiteElo "2023"]
[BlackElo "2158"]
[PlyCount "73"]
[EventDate "2009.11.07"]
[EventType "team-tourn"]
[EventRounds "11"]
[EventCountry "GER"]
[SourceTitle "CBM 133 Extra"]
[Source "ChessBase"]
[SourceDate "2010.01.05"]
[SourceVersion "1"]
[SourceVersionDate "2010.01.05"]
[SourceQuality "1"]
[WhiteTeam "Wolfbusch (W)"]
[BlackTeam "Rodewisch (W)"]
[WhiteTeamCountry "GER"]
[BlackTeamCountry "GER"]

1. e4 c5 2. Nf3 a6 3. Nc3 d6 4. d4 cxd4 5. Nxd4 Nf6 6. Be3 g6 7. Qd2 Nc6 8. f3 Bg7 9. 0-0-0 0-0 10. g4 Nxd4 11. Bxd4 b5 12. Kb1 Bb7 13. h4 e6 14. g5 Ne8 15. Bxg7 Kxg7 16. h5 Qe7 17. hxg6 fxg6 18. f4 Kg8 19. Bg2 Rd8 20. Rh3 Qc7 21. Rdh1 Rd7 22. Ne2 Rdf7 23. Bf3 Bc8 24. Bg4 Qe7 25. Qc3 Qc7 26. Qb3 Qe7 27. Qd3 Nc7 28. Rd1 d5 29. Qe3 dxe4 30. Qxe4 Nd5 31. Rf3 Qb4 32. Qxb4 Nxb4 33. Re3 Nd5 34. Re4 Nxf4 35. Nxf4 Rxf4 36. Bxe6+ Bxe6 37. Rxe6 1/2-1/2

[Event "GER-chT DLM U20"]
[Site "Wismar"]
[Date "2009.10.03"]
[Round "7"]
[White "Grewenig, Jan"]
[Black "Erben, Larissa"]
[Result "0-1"]
[WhiteElo "1881"]
[BlackElo "2035"]
[PlyCount "114"]
[EventDate "2009.09.30"]
[EventType "team-swiss"]
[EventRounds "7"]
[EventCountry "GER"]
[SourceTitle "CBM 132 Extra"]
[Source "ChessBase"]
[SourceDate "2009.11.03"]
[SourceVersion "1"]
[SourceVersionDate "2009.11.03"]
[SourceQuality "1"]
[WhiteTeam "Saarland U20"]
[BlackTeam "Wuerttemberg U20"]
[WhiteTeamCountry "GER"]
[BlackTeamCountry "GER"]

1. e4 c5 2. Nf3 e6 3. d4 cxd4 4. Nxd4 Nc6 5. Be3 a6 6. Be2 Nf6 7. Nd2 Qc7 8. N4b3 d5 9. Bf3 Ne5 10. exd5 Nxf3+ 11. Qxf3 Nxd5 12. c3 Nxe3 13. fxe3 Bd6 14. 0-0-0 0-0 15. Ne4 Be7 16. Kb1 b5 17. Qh5 Bb7 18. Ng5 h6 19. Nf3 b4 20. cxb4 Bxb4 21. Rd4 Be7 22. Rg4 Kh8 23. Rc1 Qd8 24. Ne5 Qe8 25. Rf1 f5 26. Ng6+ Kg8 27. Nxe7+ Qxe7 28. Rg6 Be4+ 29. Ka1 f4 30. Rg4 fxe3 31. Re1 Bd5 32. Qxh6 Qa7 33. Rg3 e2 34. Qe3 Bc4 35. Nd2 Rf1 36. Rxf1 Qxe3 37. Rxe3 exf1Q+ 38. Nxf1 Bxf1 39. Rxe6 Bxg2 40. b3 Bf1 41. Re1 Bb5 42. Kb2 Rf8 43. Rc1 Rf2+ 44. Rc2 Rxc2+ 45. Kxc2 Kf7 46. Kc3 Ke6 47. Kd4 Kd6 48. a3 Bd7 49. a4 Be6 50. b4 Bd7 51. b5 axb5 52. axb5 Bxb5 53. Ke4 Ke6 54. Kf4 Kf6 55. Kf3 Kg5 56. Kg3 Bd7 57. Kf3 Kh4 0-1

[Event "GER-chT DLM U20"]
[Site "Wismar"]
[Date "2009.09.30"]
[Round "2"]
[White "Erben, Larissa"]
[Black "Kartsev, Alexandr"]
[Result "1-0"]
[WhiteElo "2035"]
[BlackElo "2152"]
[PlyCount "41"]
[EventDate "2009.09.30"]
[EventType "team-swiss"]
[EventRounds "7"]
[EventCountry "GER"]
[SourceTitle "CBM 132 Extra"]
[Source "ChessBase"]
[SourceDate "2009.11.03"]
[SourceVersion "1"]
[SourceVersionDate "2009.11.03"]
[SourceQuality "1"]
[WhiteTeam "Wuerttemberg U20"]
[BlackTeam "Nordrhein Westfalen U20"]
[WhiteTeamCountry "GER"]
[BlackTeamCountry "GER"]

1. e4 e6 2. d4 d5 3. exd5 exd5 4. Nf3 Bd6 5. c4 c6 6. Nc3 Ne7 7. Bd3 dxc4 8. Bxc4 0-0 9. 0-0 Nd7 10. Ne4 Bc7 11. Bg5 Nb6 12. Bb3 Kh8 13. Bh4 f6 14. Nc5 Nf5 15. Re1 Nxh4 16. Nxh4 Nd5 17. Qf3 Nf4 18. Qe3 b6 19. Nd3 Nxd3 20. Qxd3 f5 21. Ng6+ 1-0

[Event "GER-chT DLM U20"]
[Site "Wismar"]
[Date "2009.09.30"]
[Round "1"]
[White "Urban, Lars"]
[Black "Erben, Larissa"]
[Result "1-0"]
[WhiteElo "1831"]
[BlackElo "2035"]
[PlyCount "87"]
[EventDate "2009.09.30"]
[EventType "team-swiss"]
[EventRounds "7"]
[EventCountry "GER"]
[SourceTitle "CBM 132 Extra"]
[Source "ChessBase"]
[SourceDate "2009.11.03"]
[SourceVersion "1"]
[SourceVersionDate "2009.11.03"]
[SourceQuality "1"]
[WhiteTeam "Thueringen U20"]
[BlackTeam "Wuerttemberg U20"]
[WhiteTeamCountry "GER"]
[BlackTeamCountry "GER"]

1. d4 d5 2. c4 e6 3. Nc3 c6 4. cxd5 exd5 5. Qc2 g6 6. Bf4 Bf5 7. Qd2 Bd6 8. Bxd6 Qxd6 9. Nf3 Nf6 10. e3 Nbd7 11. Nh4 Be6 12. Bd3 Nh5 13. h3 f5 14. 0-0-0 0-0 15. g4 Ng7 16. Rdg1 f4 17. Ng2 fxe3 18. fxe3 c5 19. dxc5 Nxc5 20. Bc2 Rad8 21. Kb1 Qa6 22. Nf4 Ne4 23. Bxe4 dxe4 24. Qc2 Bc4 25. Ka1 g5 26. Ng2 Bd3 27. Qb3+ Bc4 28. Qc2 Bd3 29. Qb3+ Kh8 30. h4 Rf2 31. hxg5 Bc4 32. Qa3 Qxa3 33. bxa3 Ne6 34. g6 Nf8 35. Nf4 h6 36. Rxh6+ Kg7 37. Rgh1 Bg8 38. g5 Rxf4 39. exf4 Nxg6 40. f5 Nf4 41. Nxe4 Rd4 42. Nf6 Bf7 43. Rh7+ Kf8 44. g6 1-0

[Event "GER-ch (Women)"]
[Site "Hockenheim"]
[Date "2009.08.28"]
[Round "7"]
[White "Vidonyak, Nellya"]
[Black "Erben, Larissa"]
[Result "1-0"]
[WhiteElo "2187"]
[BlackElo "2073"]
[PlyCount "127"]
[EventDate "2009.08.21"]
[EventType "swiss"]
[EventRounds "9"]
[EventCountry "GER"]
[SourceTitle "CBM 131 Extra"]
[Source "ChessBase"]
[SourceDate "2009.09.03"]
[SourceVersion "2"]
[SourceVersionDate "2009.09.16"]
[SourceQuality "1"]

1. d4 d5 2. c4 e6 3. Nf3 c6 4. e3 Nf6 5. Nbd2 Nbd7 6. Bd3 Be7 7. 0-0 0-0 8. b3 b6 9. Bb2 Bb7 10. Rc1 Rc8 11. e4 dxe4 12. Nxe4 Nxe4 13. Bxe4 Nf6 14. Bb1 c5 15. Re1 Qc7 16. Qe2 cxd4 17. Nxd4 Qf4 18. Qe3 Qh4 19. Qg3 Ng4 20. f3 Nh6 21. Qxh4 Bxh4 22. Re2 Rfd8 23. Nb5 Bg5 24. Rf1 a6 25. Nc3 Bf6 26. Na4 Bxb2 27. Nxb2 Rd7 28. Rd1 Rxd1+ 29. Nxd1 Rd8 30. Ne3 f6 31. Kf2 Nf7 32. Ke1 Ne5 33. Rd2 Rxd2 34. Kxd2 f5 35. Kc3 Kf7 36. b4 Ke7 37. f4 Nd7 38. Kd4 Kd6 39. Bc2 Bc6 40. c5+ bxc5+ 41. bxc5+ Ke7 42. g3 Nf6 43. Bd3 Bb7 44. c6 Bxc6 45. Bxa6 h6 46. Kc5 Bf3 47. Nc4 Be2 48. a4 g5 49. a5 gxf4 50. gxf4 Nd7+ 51. Kd4 e5+ 52. fxe5 f4 53. Bb7 f3 54. Nd2 f2 55. Bg2 Bb5 56. Bf1 Bc6 57. Ne4 Ke6 58. Bh3+ Ke7 59. Nxf2 Nb8 60. Kc5 Bf3 61. Kb6 Be2 62. Ne4 h5 63. Nc5 Bc4 64. Kb7 1-0